The Mariners' Museum, (Record no. 52734)
[ view plain ]
| 000 -LEADER | |
|---|---|
| fixed length control field | 00839cam a22002291 4500 |
| 001 - CONTROL NUMBER | |
| control field | s 38000024 |
| 003 - CONTROL NUMBER IDENTIFIER | |
| control field | DLC |
| 005 - DATE AND TIME OF LATEST TRANSACTION | |
| control field | 20260227111912.0 |
| 008 - FIXED-LENGTH DATA ELEMENTS--GENERAL INFORMATION | |
| fixed length control field | 841220s1937 nyuae 000 0 eng c |
| 010 ## - LIBRARY OF CONGRESS CONTROL NUMBER | |
| LC control number | s 38000024 |
| 035 ## - SYSTEM CONTROL NUMBER | |
| System control number | (OCoLC)11517181 |
| 040 ## - CATALOGING SOURCE | |
| Original cataloging agency | Smithsonian inst. Library |
| Transcribing agency | DSI |
| Modifying agency | DSI |
| -- | DLC |
| 050 00 - LIBRARY OF CONGRESS CALL NUMBER | |
| Classification number | V13.W3 |
| Item number | F4 |
| 100 1# - MAIN ENTRY--PERSONAL NAME | |
| Personal name | Ferguson, Homer L. |
| Fuller form of name | (Homer Lenoir), |
| Dates associated with a name | 1873-1953. |
| 245 04 - TITLE STATEMENT | |
| Title | The Mariners' Museum, |
| Statement of responsibility, etc. | by Homer L. Ferguson ... |
| 260 ## - PUBLICATION, DISTRIBUTION, ETC. | |
| Place of publication, distribution, etc. | [New York, |
| Date of publication, distribution, etc. | 1937] |
| 300 ## - PHYSICAL DESCRIPTION | |
| Extent | 9 p. |
| Other physical details | illus., plan. |
| Dimensions | 28 cm. |
| 500 ## - GENERAL NOTE | |
| General note | Caption title. |
| 500 ## - GENERAL NOTE | |
| General note | At head of title: No. 10. |
| 500 ## - GENERAL NOTE | |
| General note | "Advance copy of paper to be presented at the annual meeting of the Society of Naval Architects and Marine Engineers to be held at New York, November 18 and 19, 1937." |
| 610 20 - SUBJECT ADDED ENTRY--CORPORATE NAME | |
| Corporate name or jurisdiction name as entry element | Mariners' Museum (Newport News, Va.) |
No items available.